000
00282nam a22001217a 4500
041
_a
ENG
100
_a
Parmar .H.K .V
245
_a
Essence Of Agriculture Engineering
260
_a
Delhi
_b
Jaya PUB
_c
1997
300
_a
186
650
_a
Competitive Exam
856
_u
Competitive Exam
999
_c
700
_d
700